| 000 | 00380nam a22001457a 4500 | ||
|---|---|---|---|
| 020 | _a9788178083339 | ||
| 040 | _cNust | ||
| 082 |
_a621.3815 _bLUD |
||
| 100 |
_aReinhold Ludwig _9124940 |
||
| 110 |
_aPavel bretchko _9124941 |
||
| 245 | _aRF Circuit design | ||
| 260 |
_aNew Delhi: _bPearson education services, _c2002. |
||
| 650 |
_aRF Circuit design _9124942 |
||
| 942 |
_2ddc _cBK |
||
| 999 |
_c610708 _d610708 |
||